The architect's remodeling, renovation and restoration handbook (Record no. 84327)
[ view plain ]
| 000 -LEADER | |
|---|---|
| fixed length control field | 00793nam a2200169 a 4500 |
| 008 - FIXED-LENGTH DATA ELEMENTS--GENERAL INFORMATION | |
| fixed length control field | 120416s1989 ||||||||||||||||| || u |
| 050 ## - LIBRARY OF CONGRESS CALL NUMBER | |
| Classification number | NA 106 Sim |
| 100 ## - MAIN ENTRY--PERSONAL NAME | |
| Personal name | Simmons, H. Leslie |
| 245 10 - TITLE STATEMENT | |
| Title | The architect's remodeling, renovation and restoration handbook |
| 260 ## - PUBLICATION, DISTRIBUTION, ETC. | |
| Place of publication, distribution, etc. | New York: |
| Name of publisher, distributor, etc. | Van Nostrand |
| Date of publication, distribution, etc. | 1989 |
| 300 ## - PHYSICAL DESCRIPTION | |
| Extent | xii, 348p.: ill. |
| 350 ## - | |
| -- | 0.00 |
| 650 ## - SUBJECT ADDED ENTRY--TOPICAL TERM | |
| Topical term or geographic name entry element | ARCHITECTURE--UNITED STATES--CONSERVSTION AND RESTORATION |
| 650 ## - SUBJECT ADDED ENTRY--TOPICAL TERM | |
| Topical term or geographic name entry element | ARCHITECTURAL DESIGN--EVALUATION |
| 995 ## - | |
| -- | MAIN LIBRARY OPEN ACCESS |
| -- | 0.00 |
| -- | 722457 |
| -- | CBU-MAIN LIBRARY (Kitwe) |
| -- | 1 |
| -- | 45.50 |
| -- | NA 106 Sim |
| -- | AVAILABLE |
| -- | 009819 |
| -- | Main Library Open Access Collection |
| 995 ## - | |
| -- | MAIN LIBRARY OPEN ACCESS |
| -- | 0.00 |
| -- | 722456 |
| -- | CBU-MAIN LIBRARY (Kitwe) |
| -- | 2 |
| -- | 45.50 |
| -- | NA 106 Sim |
| -- | 2 |
| -- | AVAILABLE |
| -- | 56022 |
| -- | Main Library Open Access Collection |
| 999 ## - | |
| -- | 84327 |
| -- | 84327 |
| Withdrawn status | Lost status | Source of classification or shelving scheme | Damaged status | Not for loan | Permanent Location | Current Location | Shelving location | Date acquired | Total Checkouts | Full call number | Barcode | Date last seen | Copy number | Price effective from | Koha item type |
|---|---|---|---|---|---|---|---|---|---|---|---|---|---|---|---|
| CBU-MAIN LIBRARY, KITWE. | CBU-MAIN LIBRARY, KITWE. | 01/25/2024 | NA 106 Sim | 009819 | 01/25/2024 | 1 | 01/25/2024 | MONOGRAPH | |||||||
| CBU-MAIN LIBRARY, KITWE. | CBU-MAIN LIBRARY, KITWE. | 01/25/2024 | NA 106 Sim | 56022 | 01/25/2024 | 2 | 01/25/2024 | MONOGRAPH |